THESOLAE SYSTEM (Record no. 6429)
[ view plain ]
| 000 -LEADER | |
|---|---|
| fixed length control field | 00278nam a22001337a 4500 |
| 020 ## - INTERNATIONAL STANDARD BOOK NUMBER | |
| ISBN | 81-303-0015X |
| 082 ## - DEWEY DECIMAL CLASSIFICATION NUMBER | |
| Classification number | 001 |
| Item number | ASI/M |
| 100 ## - MAIN ENTRY--AUTHOR NAME | |
| Personal name | ASIMOV, ISAAC |
| 245 ## - TITLE STATEMENT | |
| Title | THESOLAE SYSTEM |
| Remainder of title | MARS |
| 260 ## - PUBLICATION, DISTRIBUTION, ETC. (IMPRINT) | |
| Place of publication | MUMBAI |
| Name of publisher | SHLIKA PUBLICATIONS |
| 300 ## - PHYSICAL DESCRIPTION | |
| Number of Pages | 32 |
| 650 ## - SUBJECT ADDED ENTRY--TOPICAL TERM | |
| Topical Term | GK |
| 942 ## - ADDED ENTRY ELEMENTS (KOHA) | |
| Koha item type | Books |
| Withdrawn status | Lost status | Collection code | Home library | Current library | Shelving location | Date acquired | Source of acquisition | Full call number | Accession Number | Koha item type |
|---|---|---|---|---|---|---|---|---|---|---|
| Fiction | Main Library | Main Library | SHELF-17E-SCIENCE RELATED BOOKS | 10/10/2006 | PURCHASE | 001 ASI/M | 01635 | Books |